Українські казки (Запис № 17251)
[ простий вигляд ]
| 000 -Маркер запису | |
|---|---|
| Контрольне поле сталої довжини | 01913nam a22002537a 4500 |
| 003 - Належність контрольного номера | |
| Контрольне поле | Uzh_bibl |
| 008 - Кодовані дані | |
| Контрольне поле сталої довжини | 260402b |||||||| |||| 00| 0 ukr d |
| 020 ## - Індекс ISBN | |
| ISBN | 979-966-8826-14-5 |
| Ціна | 101.00 |
| 040 ## - Джерело каталогіз. | |
| Код мови каталог. | укр. |
| 041 ## - Код мови видання | |
| Код мови оригіналу | українська |
| Код мови тексту | українська |
| 080 ## - Індекс УДК | |
| Індекс УДК | 398.2(477) |
| 090 ## - Шифри | |
| Поличний індекс | 398.2(477) |
| Авторський знак | У 45 |
| 100 ## - Автор | |
| Автор | |
| 245 ## - Назва | |
| Назва | Українські казки |
| Відповідальність | упоряд.В.Є.Чумаченко ;худож.В.Чумаченко |
| Фізичний носій | Текст |
| 260 ## - Вихідні дані | |
| Місце видання | Харків |
| Видавництво | Промінь |
| Дата видання | 2023 |
| 300 ## - Фізичний опис | |
| Обсяг | 64 с. |
| Ілл./тип відтвор. | іл. |
| Тип одиниці | В опр. |
| 520 ## - Анотація | |
| Анотація | До цієї чудово ілюстрованої книжки увійшли найкращі народні казки, в яких дивовижне й фантастичне постає нарівні з повсякденним та звичайним. Утілена в українській казці мудрість народу — це коштовний скарб. Поділіться ним із дитиною, нехай вона торкнеться світу добра.<br/><br/> <br/><br/>Ця книжка є справжньою колискою добрих див, які так щедро дарує дітям українська казка. Цікаві сюжети про мудрих, працьовитих, кмітливих та добрих героїв ілюстровані чудовими малюнками . Тож розповідь, що лине до читача, виграє всіма барвами, у чому можна переконатись, гортаючи сторінки цієї книжки. |
| 521 ## - Примітка про цільове призначення | |
| Примітка про цільове призначення | Для молодшого шкільного віку |
| 546 ## - Примітка про мову | |
| Примітка про мову | укр. |
| 650 ## - Тематичні рубрики | |
| Основна рубрика | Літературно-художне видання |
| 653 ## - Ключові слова | |
| Ключові слова | Рукавичка |
| -- | Сто вовків |
| -- | Бідний вовк |
| 655 ## - Термін індексування — жанр/форма | |
| Жанр/форма | Дитяча література |
| 942 ## - ADDED ENTRY ELEMENTS (KOHA) | |
| Джерело класифікації чи схема поличного розташування | |
| Koha item type | Книги |
| Статус вилучення | Статус втрати/відсутності | Джерело класифікації чи схема поличного розташування | Статус пошкодження | Тип обігу (не для випозичання) | Постійне розташування | Поточне розташування | Розташування у відділі | Дата надходження | Джерело надходження (постачальник) | Інвентарний номер | Повний (примірниковий) шифр зберігання | Штрих-код | Date last seen | Дата, для якої чинна ціна заміни | Тип одиниці (рівень примірника) |
|---|---|---|---|---|---|---|---|---|---|---|---|---|---|---|---|
| Бібліотека-філія № 1 для дітей | Бібліотека-філія № 1 для дітей | Абонемент молодший відділ | 18/03/2026 | Подаровані | 80829 | 398.2(477) | 19293 | 02/04/2026 | 26/03/2026 | Книги |